Представление документа в формате MARC21

Поле Инд. ПП Название Значение
Тип записи a
Библиографический уровень b
001 Контрольный номер UNIDUBNA54445a61c4b149d6950d30ab288d0079
005 Дата корректировки 20241107173029.3
008 Кодируемые данные 20170331
040 b Код языка каталог. rus
e Правила каталог. PSBO
041 0_ a Код языка текста rus
084 a Индекс другой классификации/Индекс ББК 88.75; 88.93
100 1_ a Автор Устюжина В. Б.
245 10 a Заглавие Здоровая старость - что это значит? (Проблемы психического здоровья: чем может помочь центр социального обслуживания населения)
520 0_ a Аннотация Нейропсихолог - сотрудник центра социального обслуживания населения делится опытом работы. Обращается внимание на проблемы психического здоровья и работу с пожилыми людьми. Дается ответ на вопрос какие явления можно считать нормальным, "возрастным" изменением психики, а какие указывают на заболевание. Представлена социально-психологическая программа "Нейропсихологическая помощь лицам, страдающим общим когнитивным снижением. Для обслуживаемой категории граждан 60+".
650 14 a Основная рубрика клиническая психология (медицинская психология)
a Основная рубрика нейропсихология
a Основная рубрика практическая психология (прикладная психология)
a Основная рубрика психокоррекция
a Основная рубрика психология
653 0_ a Ключевые слова деменция
a Ключевые слова здоровье
a Ключевые слова когнитивная активность
a Ключевые слова когнитивные возможности
a Ключевые слова когнитивные нарушения
a Ключевые слова коммуникации
a Ключевые слова нейропсихологическая диагностика
a Ключевые слова нейропсихологическая коррекция
a Ключевые слова нейропсихологическая реабилитация
a Ключевые слова нейропсихологические тесты
a Ключевые слова пожилые люди
a Ключевые слова профилактика заболеваний
a Ключевые слова психическое здоровье
a Ключевые слова психодиагностика
a Ключевые слова реабилитационные центры
a Ключевые слова Россия
a Ключевые слова социальная геронтология
a Ключевые слова старение населения
a Ключевые слова старость
a Ключевые слова центры социального обслуживания
773 08 t Заглавие источника Работник социальной службы
d Дата издания источника 2022
g Прочая информация № 3. - С. 72 - 81 : табл., схем.
w Контрольный № источника UNIDUBNA54795986bda14a7f9af00bc0dce1c8c0
901 t Тип документа b